[Event "Greifswalder SV-Schvgg Blankenese"]
[Site "?"]
[Date "2020.09.10"]
[Round "1.1"]
[White "von Rosen, Jakob"]
[Black "Fromm, Marius"]
[Result "0-1"]
[WhiteElo "1827"]
[BlackElo "2181"]
[PlyCount "60"]
[EventDate "2020.??.??"]
[WhiteTeam "Schvgg Blankenese"]
[BlackTeam "Greifswalder SV"]

1. e4 e5 2. Nf3 Nc6 3. Bc4 Bc5 4. O-O Nf6 5. d3 d6 6. c3 a6 7. Nbd2 Ba7 8. Re1
Na5 9. Qa4+ c6 10. Bxf7+ Kxf7 11. b4 Rf8 12. bxa5 Kg8 13. d4 exd4 14. cxd4 Nh5
15. Ba3 Rf7 16. Qb3 Nf4 17. Nc4 Be6 18. Qa4 Nh3+ 19. Kf1 Bxd4 20. Nxd6 Rxf3 21.
gxf3 c5 22. e5 Qh4 23. Ne4 Nf4 24. Red1 Qh3+ 25. Ke1 Qxf3 26. Qc2 Bxa1 27. Bxc5
Bxe5 28. Ng3 Bc3+ 29. Rd2 Nd3+ 30. Kf1 Bh3+ 0-1

[Event "Greifswalder SV-Schvgg Blankenese"]
[Site "?"]
[Date "2020.09.10"]
[Round "1.2"]
[White "Kallweit, Paul"]
[Black "Burgtorf, Benjamin"]
[Result "1/2-1/2"]
[WhiteElo "1965"]
[BlackElo "1821"]
[PlyCount "34"]
[EventDate "2020.??.??"]
[WhiteTeam "Greifswalder SV"]
[BlackTeam "Schvgg Blankenese"]

1. d4 Nf6 2. c4 g6 3. Nc3 d5 4. Nf3 Bg7 5. e3 O-O 6. b3 c5 7. Be2 Nc6 8. O-O
cxd4 9. exd4 b6 10. Bb2 Bb7 11. Re1 Rc8 12. Nxd5 Nxd5 13. cxd5 Nb4 14. Rc1 Nxd5
15. Bc4 Qd6 16. Bxd5 Bxd5 17. Ne5 e6 1/2-1/2

[Event "Greifswalder SV-Schvgg Blankenese"]
[Site "?"]
[Date "2020.09.10"]
[Round "1.3"]
[White "Sell, Eero"]
[Black "Khanbekyan, Areg"]
[Result "1-0"]
[WhiteElo "1744"]
[BlackElo "1749"]
[PlyCount "63"]
[EventDate "2020.??.??"]
[WhiteTeam "Schvgg Blankenese"]
[BlackTeam "Greifswalder SV"]

1. e4 c5 2. Nc3 Nc6 3. f4 g6 4. Nf3 Bg7 5. Bb5 e6 6. Bxc6 bxc6 7. d3 d5 8. O-O
Ne7 9. Qe1 O-O 10. Qh4 Ba6 11. g4 c4 12. f5 exf5 13. Bh6 dxe4 14. Ng5 Qd4+ 15.
Kh1 Bxh6 16. Qxh6 Qg7 17. Qh4 h6 18. Nh3 cxd3 19. Qxe7 dxc2 20. Rg1 fxg4 21.
Rxg4 Rfe8 22. Qh4 e3 23. Ne4 e2 24. Rag1 Kf8 25. Nc5 Rad8 26. Ne6+ fxe6 27. Nf4
g5 28. Qf2 Qf7 29. Qc5+ Kg8 30. Rxg5+ hxg5 31. Qxg5+ Kh7 32. Qh4+ 1-0

[Event "Greifswalder SV-Schvgg Blankenese"]
[Site "?"]
[Date "2020.09.10"]
[Round "1.4"]
[White "Khanbekyan, Aram"]
[Black "Tao, Alexander"]
[Result "0-1"]
[WhiteElo "877"]
[BlackElo "1587"]
[PlyCount "50"]
[EventDate "2020.??.??"]
[WhiteTeam "Greifswalder SV"]
[BlackTeam "Schvgg Blankenese"]

1. e4 e5 2. Nf3 Nc6 3. Bb5 a6 4. Bxc6 dxc6 5. Nc3 Bd6 6. O-O Nf6 7. d3 h6 8.
Be3 Bg4 9. Qe2 Qe7 10. h3 Bd7 11. Rad1 O-O-O 12. d4 g5 13. dxe5 Bxe5 14. Qd3
Bxh3 15. Bd4 Bxd4 16. Nxd4 Bd7 17. Qe3 Kb8 18. e5 Ng4 19. Qe4 Qxe5 20. Qxe5
Nxe5 21. Ne4 f5 22. Nf6 Bc8 23. Rde1 Nc4 24. Re7 Rxd4 25. Rfe1 Rhd8 0-1

[Event "1, SC Anhalt-SV Empor Berlin"]
[Site "?"]
[Date "2020.09.10"]
[Round "1.1"]
[White "Breitzmann, Sander"]
[Black "Fathke, Luke"]
[Result "1-0"]
[WhiteElo "1888"]
[BlackElo "1643"]
[PlyCount "55"]
[EventDate "2020.??.??"]
[WhiteTeam "SV Empor Berlin"]
[BlackTeam "1, SC Anhalt"]

1. e4 c6 2. d4 d5 3. Nc3 e6 4. Nf3 Nf6 5. e5 Nfd7 6. Ne2 c5 7. c3 Nc6 8. a3
cxd4 9. cxd4 Be7 10. Nc3 a6 11. Bd3 Nf8 12. O-O Ng6 13. Re1 O-O 14. Be3 Bd7 15.
g3 Na5 16. h4 Re8 17. Ng5 Nc4 18. Qh5 Bxg5 19. Bxg5 Qc7 20. Rac1 Qb6 21. Bxc4
dxc4 22. Qg4 h5 23. Qxh5 Qxb2 24. Qg4 Qxa3 25. h5 Nh8 26. Ne4 Qf8 27. Nf6+ gxf6
28. Bh6+ 1-0

[Event "1, SC Anhalt-SV Empor Berlin"]
[Site "?"]
[Date "2020.09.10"]
[Round "1.2"]
[White "Schröter, Christopher"]
[Black "Mankel, Luca"]
[Result "0-1"]
[WhiteElo "1641"]
[BlackElo "1926"]
[PlyCount "84"]
[EventDate "2020.??.??"]
[WhiteTeam "1, SC Anhalt"]
[BlackTeam "SV Empor Berlin"]

1. d4 Nf6 2. g3 c5 3. c3 e6 4. Bg2 Nc6 5. Nf3 Be7 6. O-O O-O 7. Nbd2 cxd4 8.
cxd4 d5 9. Nb3 b6 10. Bd2 Ba6 11. Re1 Rc8 12. Rc1 Ne4 13. e3 Nxd2 14. Nbxd2 Nb4
15. Qa4 Qe8 16. Qxe8 Rfxe8 17. a3 Nd3 18. Rxc8 Rxc8 19. Rb1 Rc2 20. Bf1 Kf8 21.
b4 Bc4 22. Rd1 Nb2 23. Rb1 Bxf1 24. Kxf1 Nc4 25. Nxc4 dxc4 26. Ne5 Bd6 27. Nf3
Ra2 28. Ke1 Rxa3 29. Nd2 b5 30. Ne4 Bc7 31. Nc5 Ke7 32. Rb2 f5 33. Ke2 Kd6 34.
f4 Kd5 35. Kf3 Bd6 36. Ke2 c3 37. Rc2 Bxc5 38. dxc5 Kc4 39. h3 Ra4 40. g4 Rxb4
41. c6 Kb3 42. c7 Rc4 0-1

[Event "1, SC Anhalt-SV Empor Berlin"]
[Site "?"]
[Date "2020.09.10"]
[Round "1.3"]
[White "Ellert, Oliver"]
[Black "Böhm, Florian"]
[Result "1-0"]
[WhiteElo "1764"]
[BlackElo "1627"]
[PlyCount "73"]
[EventDate "2020.??.??"]
[WhiteTeam "SV Empor Berlin"]
[BlackTeam "1, SC Anhalt"]

1. d4 f5 2. Nf3 e6 3. c3 Nf6 4. Bg5 Be7 5. Bxf6 Bxf6 6. Nbd2 d5 7. e3 O-O 8.
Ne5 Nd7 9. f4 Bxe5 10. fxe5 c5 11. Nf3 Qe7 12. h4 Rb8 13. Rg1 f4 14. Bd3 g6 15.
exf4 Rxf4 16. g3 Rf8 17. Rf1 cxd4 18. cxd4 Qb4+ 19. Qd2 Qxd2+ 20. Kxd2 Nb6 21.
b3 Bd7 22. Ng5 Kg7 23. Rac1 h6 24. Nh3 Rbc8 25. Rxf8 Rxf8 26. Rc7 Rf3 27. Rxb7
Rxg3 28. Nf4 Rf3 29. Nxe6+ Kf7 30. Nc5 Ke8 31. Bxg6+ Kd8 32. Rxa7 Rf2+ 33. Kc3
Rf3+ 34. Kb4 Rf4 35. Ka5 Rxd4 36. Rxd7+ Nxd7 37. Ne6+ 1-0

[Event "1, SC Anhalt-SV Empor Berlin"]
[Site "?"]
[Date "2020.09.10"]
[Round "1.4"]
[White "Lautenschläger, Friedrich"]
[Black "Fricke, Janek Konrad"]
[Result "0-1"]
[WhiteElo "1552"]
[BlackElo "1596"]
[PlyCount "46"]
[EventDate "2020.??.??"]
[WhiteTeam "1, SC Anhalt"]
[BlackTeam "SV Empor Berlin"]

1. d4 d5 2. c4 e6 3. Nc3 c5 4. e3 Nf6 5. Nf3 Nc6 6. a3 Be7 7. dxc5 Bxc5 8. b4
Be7 9. Bb2 O-O 10. Nd4 a6 11. Nxc6 bxc6 12. Qd4 Qc7 13. Bd3 e5 14. Qh4 e4 15.
Bc2 Qd8 16. c5 Ng4 17. Qg3 Bh4 18. Qf4 Bxf2+ 19. Ke2 Bxe3 20. Qg3 Qg5 21. Rhf1
a5 22. h3 Ba6+ 23. Ke1 Bd2+ 0-1

[Event "Schachzwerge Magdeburg-Lübecker SV"]
[Site "?"]
[Date "2020.09.10"]
[Round "1.1"]
[White "Bornholdt, Joa Max"]
[Black "Zeuner, Ole"]
[Result "1/2-1/2"]
[WhiteElo "1914"]
[BlackElo "1854"]
[PlyCount "148"]
[EventDate "2020.??.??"]
[WhiteTeam "Lübecker SV"]
[BlackTeam "Schachzwerge Magdeburg"]

1. Nf3 Nf6 2. d4 g6 3. c4 Bg7 4. Nc3 O-O 5. e4 d6 6. Be2 e5 7. dxe5 dxe5 8.
Qxd8 Rxd8 9. Bg5 Re8 10. O-O-O Be6 11. Nxe5 Nxe4 12. Nxe4 Bxe5 13. Nf6+ Bxf6
14. Bxf6 Nd7 15. Bd4 f5 16. Bf3 c6 17. b3 Kf7 18. h4 Nf6 19. a4 a6 20. Bb6 Nd7
21. Ba5 Rac8 22. Rd6 Ne5 23. Re1 Nxf3 24. gxf3 f4 25. Re4 Bf5 26. Rxf4 Re7 27.
Bd2 Rcc7 28. Be3 Rcd7 29. c5 Rxd6 30. cxd6 Rd7 31. Rb4 b5 32. Bc5 Ke6 33. Rd4
Ke5 34. Kd2 Be6 35. Kc3 Bd5 36. Rd3 Be6 37. Kb4 Bf5 38. Re3+ Kd5 39. f4 a5+ 40.
Kxa5 Kxc5 41. Re5+ Kxd6 42. axb5 c5 43. Re8 Be6 44. b4 c4 45. b6 Bd5 46. Kb5
Rf7 47. Rd8+ Ke6 48. Re8+ Kd7 49. Re5 Rf5 50. Re3 Rxf4 51. h5 gxh5 52. Re5 Kd6
53. Rxh5 Rf7 54. Rh6+ Ke5 55. Kc5 Be6 56. f4+ Kf5 57. Kd6 Bc8 58. Rh5+ Ke4 59.
Rc5 Rd7+ 60. Kc6 Kd3 61. Kb5 Bb7 62. Rxc4 Ba6+ 63. Kc6 Rf7 64. Rc5 Rxf4 65. Rh5
Rf7 66. Rh4 Bb7+ 67. Kd6 Bf3 68. Kc5 h5 69. Kb5 Ke3 70. Ka6 Be2+ 71. b5 Rf5 72.
b7 Rxb5 73. Ka7 Ra5+ 74. Kb6 Rb5+ 1/2-1/2

[Event "Schachzwerge Magdeburg-Lübecker SV"]
[Site "?"]
[Date "2020.09.10"]
[Round "1.2"]
[White "Stockmann, Till"]
[Black "Sickmann, Lisa"]
[Result "1-0"]
[WhiteElo "1981"]
[BlackElo "1603"]
[PlyCount "155"]
[EventDate "2020.??.??"]
[WhiteTeam "Schachzwerge Magdeburg"]
[BlackTeam "Lübecker SV"]

1. e4 e5 2. Nf3 Nc6 3. Bb5 Nf6 4. d3 Bc5 5. O-O d6 6. c3 O-O 7. Nbd2 a6 8. Ba4
b5 9. Bb3 d5 10. exd5 Nxd5 11. Re1 Nf4 12. Ne4 Nxd3 13. Nxc5 Nxc5 14. Bd5 Bb7
15. Bxc6 Bxc6 16. Nxe5 Bb7 17. Be3 Qe7 18. Qg4 Qxe5 19. Bd4 Bc8 20. Rxe5 Bxg4
21. Rxc5 f6 22. Rxc7 Rac8 23. Ra7 Ra8 24. Re7 Rfe8 25. Rae1 Bh5 26. f3 Bf7 27.
a3 a5 28. Kf2 a4 29. g4 Rac8 30. g5 fxg5 31. R7e5 Rxe5 32. Rxe5 Rb8 33. Rxg5 g6
34. Rc5 h6 35. Be3 Kg7 36. Rc7 h5 37. Bd4+ Kf8 38. Kg3 Be6 39. Kf4 Re8 40. Rb7
Bc4 41. Kg5 Re6 42. Bf6 Bd3 43. Rd7 Bf5 44. Rd5 Rb6 45. Bd4 Rb7 46. f4 Ke7 47.
Bc5+ Kf7 48. Rd6 Rd7 49. Rf6+ Kg7 50. Bd4 Kg8 51. Rb6 Bd3 52. f5 Rd5 53. Rxg6+
Kf7 54. Rf6+ Ke7 55. Re6+ Kf7 56. Be5 Bc2 57. Kxh5 Bxf5 58. Rf6+ Ke7 59. Rxf5
Ke6 60. Kg5 Rxe5 61. Rxe5+ Kxe5 62. h4 Kd5 63. h5 Kc4 64. h6 Kb3 65. h7 Kxb2
66. h8=Q Kxa3 67. Qd4 Kb2 68. c4+ Ka2 69. cxb5 a3 70. Qc3 Kb1 71. Qxa3 Kc2 72.
Kf4 Kb1 73. Ke3 Kc2 74. Qd3+ Kb2 75. Kd2 Ka1 76. Kc2 Ka2 77. Qb3+ Ka1 78. Qb2#
1-0

[Event "Schachzwerge Magdeburg-Lübecker SV"]
[Site "?"]
[Date "2020.09.10"]
[Round "1.3"]
[White "Poetzsch-Heffter, Frieder"]
[Black "Morgenstern, Tobias"]
[Result "0-1"]
[WhiteElo "1501"]
[BlackElo "1922"]
[PlyCount "36"]
[EventDate "2020.??.??"]
[WhiteTeam "Lübecker SV"]
[BlackTeam "Schachzwerge Magdeburg"]

1. e4 e5 2. Nf3 Nc6 3. Bc4 Bc5 4. d3 Nf6 5. Nc3 d6 6. Be3 Bb6 7. Qd2 Qe7 8. Bg5
Be6 9. Bb5 O-O 10. Nh4 Nd4 11. g4 c6 12. Ba4 h6 13. Bxh6 gxh6 14. O-O-O Nxg4
15. Ng2 Qg5 16. f4 exf4 17. h4 Qc5 18. Rhg1 Nf3 0-1

[Event "Schachzwerge Magdeburg-Lübecker SV"]
[Site "?"]
[Date "2020.09.10"]
[Round "1.4"]
[White "Heutling, Elina"]
[Black "Monakhov, Boris"]
[Result "1-0"]
[WhiteElo "1904"]
[BlackElo "1359"]
[PlyCount "49"]
[EventDate "2020.??.??"]
[WhiteTeam "Schachzwerge Magdeburg"]
[BlackTeam "Lübecker SV"]

1. e4 c6 2. d4 d5 3. exd5 cxd5 4. c4 e6 5. Nc3 Nf6 6. Nf3 Nc6 7. c5 b6 8. Bb5
Bd7 9. Qa4 Qc7 10. b4 a6 11. Bxc6 Bxc6 12. Bf4 Qd7 13. Qc2 bxc5 14. bxc5 Be7
15. O-O O-O 16. Rab1 Qc8 17. Rb2 Rd8 18. Rfb1 Nd7 19. Qe2 f6 20. Qxe6+ Kf8 21.
Re1 Re8 22. Nxd5 Bxd5 23. Qxd5 Rd8 24. Qe4 Re8 25. Qxh7 1-0

[Event "Königsspringer SC 1984-Delmenhorster SK"]
[Site "?"]
[Date "2020.09.10"]
[Round "1.1"]
[White "Pahl, Erik"]
[Black "Summers, Jan"]
[Result "1-0"]
[WhiteElo "2097"]
[BlackElo "1664"]
[PlyCount "69"]
[EventDate "2020.??.??"]
[WhiteTeam "Delmenhorster SK"]
[BlackTeam "Königsspringer SC 1984"]

1. e4 c5 2. Nf3 Nc6 3. d4 cxd4 4. Nxd4 g6 5. Nc3 Bg7 6. Be3 Nf6 7. Nxc6 bxc6 8.
e5 Ng8 9. Bd4 Qa5 10. Bc4 Bxe5 11. O-O Nf6 12. Re1 d6 13. Bxe5 dxe5 14. Qe2 Bf5
15. Bb3 e4 16. h3 h5 17. Qc4 O-O 18. Qxc6 Bd7 19. Qc4 Rac8 20. Qe2 Qg5 21. Qe3
Qxe3 22. Rxe3 Bc6 23. Rd1 Rfd8 24. Ree1 e6 25. Kf1 Bd5 26. Nxd5 exd5 27. Rd4
Kf8 28. Red1 Rc7 29. c4 Ke7 30. cxd5 Kd6 31. Ra4 Ke5 32. d6 Rcd7 33. Ra5+ Kf4
34. g3+ Kf3 35. Re1 1-0

[Event "Königsspringer SC 1984-Delmenhorster SK"]
[Site "?"]
[Date "2020.09.10"]
[Round "1.2"]
[White "Kipke, Mark"]
[Black "Pahl, Theis"]
[Result "1/2-1/2"]
[WhiteElo "1674"]
[BlackElo "2012"]
[PlyCount "98"]
[EventDate "2020.??.??"]
[WhiteTeam "Königsspringer SC 1984"]
[BlackTeam "Delmenhorster SK"]

1. e4 c5 2. c3 d6 3. d4 Nf6 4. dxc5 Nc6 5. Bc4 dxc5 6. Qxd8+ Nxd8 7. e5 Nd7 8.
Nf3 e6 9. O-O a6 10. a4 b6 11. Bf4 Be7 12. Nbd2 Bb7 13. Rad1 Bc6 14. Bd3 Bxa4
15. Ra1 Bc6 16. Bxa6 O-O 17. Bd3 Nb7 18. Be4 Bxe4 19. Nxe4 b5 20. h3 Nb6 21. b3
h6 22. Rab1 Nd5 23. Bd2 Rfd8 24. Rfc1 Nb6 25. Be3 Ra6 26. c4 b4 27. Rd1 Rxd1+
28. Rxd1 Ra3 29. Rb1 Kf8 30. Ne1 Ke8 31. Nd3 Nd7 32. Bc1 Ra2 33. Be3 Kd8 34.
Kf1 Kc7 35. Nc1 Ra3 36. Nd3 Kc6 37. Ke2 Na5 38. Nd2 f6 39. f4 Bd8 40. Bf2 g5
41. Bg3 f5 42. Ke3 Kb6 43. Bh2 Nc6 44. g4 gxf4+ 45. Bxf4 fxg4 46. hxg4 Bg5 47.
Bxg5 hxg5 48. Nf3 Na5 49. Nd2 Kc6 1/2-1/2

[Event "Königsspringer SC 1984-Delmenhorster SK"]
[Site "?"]
[Date "2020.09.10"]
[Round "1.3"]
[White "Alhamid, Mohamad"]
[Black "Busch, Jannis"]
[Result "1-0"]
[WhiteElo "1796"]
[BlackElo "1611"]
[PlyCount "45"]
[EventDate "2020.??.??"]
[WhiteTeam "Delmenhorster SK"]
[BlackTeam "Königsspringer SC 1984"]

1. e4 e5 2. Bc4 Bc5 3. Nf3 Nc6 4. c3 Nf6 5. d4 exd4 6. O-O Nxe4 7. cxd4 Bb4 8.
a3 Ba5 9. b4 Bb6 10. Re1 d5 11. Bxd5 Qxd5 12. Nc3 Qd8 13. Rxe4+ Ne7 14. Qe2 Kf8
15. Bg5 f6 16. Re1 Bd7 17. Rxe7 fxg5 18. Nxg5 Bxd4 19. Qf3+ Bf6 20. Nce4 Bc6
21. Ne6+ Kg8 22. Nxf6+ gxf6 23. Rg7# 1-0

[Event "Königsspringer SC 1984-Delmenhorster SK"]
[Site "?"]
[Date "2020.09.10"]
[Round "1.4"]
[White "Peters, Malte"]
[Black "Wander, Dennis"]
[Result "1-0"]
[WhiteElo "1387"]
[BlackElo "1529"]
[PlyCount "87"]
[EventDate "2020.??.??"]
[WhiteTeam "Königsspringer SC 1984"]
[BlackTeam "Delmenhorster SK"]

1. e4 e5 2. Nf3 Nc6 3. d4 exd4 4. Nxd4 Qh4 5. Nc3 Bb4 6. Ndb5 Ba5 7. Bd2 a6 8.
Na3 Nge7 9. Be2 d6 10. O-O O-O 11. Nc4 Bb4 12. f4 Nd4 13. Be1 Nxe2+ 14. Qxe2
Qg4 15. Qd3 Bd7 16. Rf3 Qh5 17. f5 f6 18. Ne2 Bxe1 19. Rxe1 Nc6 20. Nf4 Qf7 21.
Rg3 Ne5 22. Nxe5 dxe5 23. Nd5 Rad8 24. c4 c6 25. Nc3 Bxf5 26. Qe3 Be6 27. b3
Qd7 28. Rd1 Qc7 29. Rf1 Rf7 30. Na4 Rd4 31. Nc5 Bc8 32. Nd3 Qa5 33. Qe2 Qb6 34.
Kh1 c5 35. h3 Qc6 36. Rgf3 Rxe4 37. Qc2 Rd4 38. Nxe5 Qd6 39. Nxf7 Kxf7 40. Qxh7
Ke8 41. Qg8+ Ke7 42. Qxg7+ Kd8 43. Rxf6 Qe7 44. Rf8+ 1-0

[Event "Mattnetz Berlin-SG Jasmund"]
[Site "?"]
[Date "2020.09.10"]
[Round "1.1"]
[White "Johlke, Lukas"]
[Black "Bui, Bao Anh Le"]
[Result "0-1"]
[WhiteElo "1732"]
[BlackElo "2053"]
[PlyCount "58"]
[EventDate "2020.??.??"]
[WhiteTeam "SG Jasmund"]
[BlackTeam "Mattnetz Berlin"]

1. e4 c5 2. Nf3 d6 3. Bb5+ Bd7 4. Bxd7+ Nxd7 5. c3 Ngf6 6. Qe2 e6 7. d4 Be7 8.
O-O O-O 9. Nbd2 Rc8 10. e5 Ne8 11. Ne4 cxd4 12. cxd4 Nb6 13. Be3 Nc7 14. Bg5
Bxg5 15. Nfxg5 h6 16. Qh5 Nbd5 17. f4 f6 18. Nh3 dxe5 19. dxe5 fxe5 20. fxe5
Nf4 21. Rxf4 Rxf4 22. Nxf4 Qd4+ 23. Kh1 Qxe4 24. Ng6 Nd5 25. h3 Rc2 26. Nh4 Kh7
27. Nf3 Rxg2 28. Rg1 Nf4 29. Qh4 Qxf3 0-1

[Event "Mattnetz Berlin-SG Jasmund"]
[Site "?"]
[Date "2020.09.10"]
[Round "1.2"]
[White "Schnabel, Luise"]
[Black "Johlke, Lorenz"]
[Result "1-0"]
[WhiteElo "1932"]
[BlackElo "1643"]
[PlyCount "61"]
[EventDate "2020.??.??"]
[WhiteTeam "Mattnetz Berlin"]
[BlackTeam "SG Jasmund"]

1. e4 d6 2. d4 f5 3. Nc3 Nf6 4. Bd3 Nc6 5. Nge2 g6 6. O-O Bg7 7. f4 e6 8. e5
dxe5 9. dxe5 Nd5 10. Bc4 Nb6 11. Qxd8+ Kxd8 12. Rd1+ Ke7 13. Bb3 Bd7 14. Be3
Rhd8 15. a3 g5 16. g3 g4 17. Ba2 Bf8 18. b4 a6 19. Rd2 Be8 20. Rxd8 Nxd8 21.
Rd1 Kf7 22. Nd4 c5 23. Nxf5 Nd7 24. Nd6+ Bxd6 25. Rxd6 cxb4 26. axb4 Rc8 27.
Ne4 Rxc2 28. Ng5+ Ke7 29. Bxe6 Rb2 30. Bxd7 Bxd7 31. Bc5 1-0

[Event "Mattnetz Berlin-SG Jasmund"]
[Site "?"]
[Date "2020.09.10"]
[Round "1.3"]
[White "Wellßow, Keoki"]
[Black "Ho, Ngoc Hai-Dang"]
[Result "0-1"]
[WhiteElo "1578"]
[BlackElo "1855"]
[PlyCount "52"]
[EventDate "2020.??.??"]
[WhiteTeam "SG Jasmund"]
[BlackTeam "Mattnetz Berlin"]

1. g3 Nf6 2. Bg2 e6 3. c4 Be7 4. Nc3 d5 5. e3 O-O 6. b3 c5 7. d4 cxd4 8. exd4
b6 9. Nf3 Bb7 10. O-O Na6 11. Bb2 Rc8 12. Qe2 dxc4 13. bxc4 Qc7 14. Nb5 Qxc4
15. Qxc4 Rxc4 16. Ba3 Bxf3 17. Bxe7 Bxg2 18. Kxg2 Ra8 19. Rfc1 Rac8 20. Rxc4
Rxc4 21. Nxa7 Nd5 22. Ba3 Rxd4 23. Rc1 h6 24. Rc8+ Kh7 25. Rf8 f6 26. Re8 Nac7
0-1

[Event "Mattnetz Berlin-SG Jasmund"]
[Site "?"]
[Date "2020.09.10"]
[Round "1.4"]
[White "Franz, Franz Theodor"]
[Black "Asmussen, Johann"]
[Result "1-0"]
[WhiteElo "1587"]
[BlackElo "1262"]
[PlyCount "57"]
[EventDate "2020.??.??"]
[WhiteTeam "Mattnetz Berlin"]
[BlackTeam "SG Jasmund"]

1. e4 e5 2. Nf3 Nc6 3. Bc4 Nf6 4. d4 exd4 5. O-O Bc5 6. e5 Ng4 7. Re1 O-O 8. h3
Nxf2 9. Kxf2 Nb4 10. Kf1 d5 11. exd6 Qxd6 12. Nbd2 Be6 13. Bxe6 fxe6 14. Ne4
Qa6+ 15. Qe2 d3 16. cxd3 Qxd3 17. Nxc5 Qxe2+ 18. Rxe2 Rad8 19. Bd2 Nc2 20. Rc1
Nd4 21. Rf2 Nxf3 22. gxf3 Rd6 23. Bc3 b6 24. Ne4 Rc6 25. Bd2 Rxc1+ 26. Bxc1 c5
27. Kg2 Kf7 28. Ng5+ Kg6 29. Nxe6 1-0

[Event "Turm Lüneburg-Hamburger SK"]
[Site "?"]
[Date "2020.09.10"]
[Round "1.1"]
[White "Kotyk, Michael"]
[Black "Wusterack, Paul"]
[Result "1/2-1/2"]
[WhiteElo "1993"]
[BlackElo "1599"]
[PlyCount "47"]
[EventDate "2020.??.??"]
[WhiteTeam "Hamburger SK"]
[BlackTeam "Turm Lüneburg"]

1. e4 d5 2. exd5 Nf6 3. d4 Nxd5 4. Nf3 g6 5. c4 Nb6 6. c5 Nd5 7. Nc3 Bg7 8. h3
Nc6 9. Bc4 e6 10. O-O h6 11. Re1 O-O 12. a3 a6 13. Re4 b5 14. cxb6 cxb6 15. Ba2
Nce7 16. Ne5 Bb7 17. Re2 Rc8 18. Qd3 Qd6 19. Ne4 Qd8 20. Bd2 Bxe5 21. dxe5 Nf4
22. Nf6+ Kh8 23. Qe3 Nxe2+ 24. Qxe2 1/2-1/2

[Event "Turm Lüneburg-Hamburger SK"]
[Site "?"]
[Date "2020.09.10"]
[Round "1.2"]
[White "Rick, Niklas Corvin"]
[Black "Klaas, Heiko"]
[Result "0-1"]
[WhiteElo "1521"]
[BlackElo "1950"]
[PlyCount "56"]
[EventDate "2020.??.??"]
[WhiteTeam "Turm Lüneburg"]
[BlackTeam "Hamburger SK"]

1. d4 d5 2. c4 e6 3. cxd5 exd5 4. Nc3 Nf6 5. Bg5 Be7 6. e3 O-O 7. Bd3 b6 8. Nf3
Ba6 9. Bxa6 Nxa6 10. a3 h6 11. Qe2 hxg5 12. Qxa6 Ne4 13. Ne5 Bf6 14. Ng4 Re8
15. Nxe4 Rxe4 16. Nxf6+ Qxf6 17. Qd3 Rae8 18. Rd1 Rf4 19. Rd2 Rfe4 20. Rd1 Qc6
21. Ke2 Qe6 22. Rc1 c5 23. dxc5 d4 24. c6 Qg4+ 25. Kf1 dxe3 26. f3 Qf4 27. Rc2
e2+ 28. Ke1 Rd4 0-1

[Event "Turm Lüneburg-Hamburger SK"]
[Site "?"]
[Date "2020.09.10"]
[Round "1.3"]
[White "Mandelkow, Elias"]
[Black "Ziller, Anton"]
[Result "1-0"]
[WhiteElo "1845"]
[BlackElo "1542"]
[PlyCount "51"]
[EventDate "2020.??.??"]
[WhiteTeam "Hamburger SK"]
[BlackTeam "Turm Lüneburg"]

1. d4 d5 2. c4 c6 3. Nc3 Nf6 4. Nf3 e6 5. Bf4 Be7 6. e3 O-O 7. cxd5 cxd5 8. Bd3
b6 9. O-O Nh5 10. Bxb8 Rxb8 11. Ne5 Nf6 12. Nc6 Qc7 13. Nxb8 Qxb8 14. Rc1 Bd6
15. g3 e5 16. dxe5 Bxe5 17. Qd2 Bh3 18. Rfd1 Qb7 19. Bf1 Bf5 20. Bg2 Bxc3 21.
Qxc3 Rc8 22. Qe5 Rxc1 23. Rxc1 Be4 24. Rc7 Qb8 25. Qe7 Bg6 26. Bh3 1-0

[Event "Turm Lüneburg-Hamburger SK"]
[Site "?"]
[Date "2020.09.10"]
[Round "1.4"]
[White "Hahn, Sebastian"]
[Black "Reyes-Mantilla, Andrés Mauricio"]
[Result "0-1"]
[WhiteElo "1180"]
[BlackElo "1461"]
[PlyCount "94"]
[EventDate "2020.??.??"]
[WhiteTeam "Turm Lüneburg"]
[BlackTeam "Hamburger SK"]

1. d4 Nf6 2. Bg5 g6 3. Bxf6 exf6 4. c4 Bg7 5. Nf3 O-O 6. e3 Re8 7. Be2 b6 8.
O-O Bb7 9. Nc3 Nc6 10. Rb1 f5 11. b4 a5 12. b5 Ne7 13. Qc1 d5 14. c5 bxc5 15.
dxc5 f4 16. Nd4 Bc8 17. Bd3 Bg4 18. h3 Be6 19. Qd2 Rb8 20. Bc2 fxe3 21. fxe3
Qc8 22. e4 dxe4 23. Bxe4 Rd8 24. Nce2 Bc4 25. Rf3 Bxe2 26. Qxe2 Bxd4+ 27. Kh1
Bxc5 28. Qc4 Qe6 29. Qxc5 Qxe4 30. Rbf1 Nf5 31. Qxc7 Rbc8 32. Qxa5 Nh4 33. Rg3
Rd3 34. Qa7 Qd5 35. Qf2 Rxg3 36. Qxg3 Qxb5 37. Qxh4 Qxf1+ 38. Kh2 Qc4 39. Qf2
Qc7+ 40. Kh1 Qe5 41. Qd2 Re8 42. Qd7 Rb8 43. Qd3 Qa1+ 44. Kh2 Qxa2 45. Qg3 Re8
46. Qd6 Qe2 47. Qb6 h5 0-1

[Event "SK Nordhorn-Blanke-Weisse Dame Hamburg"]
[Site "?"]
[Date "2020.09.10"]
[Round "1.1"]
[White "Popist, Florian"]
[Black "Brunner, Sophia"]
[Result "1-0"]
[WhiteElo "2017"]
[BlackElo "1859"]
[PlyCount "47"]
[EventDate "2020.??.??"]
[WhiteTeam "Weisse Dame Hamburg"]
[BlackTeam "SK Nordhorn-Blanke"]

1. e4 e5 2. Nf3 Nc6 3. d4 exd4 4. Nxd4 Bb4+ 5. c3 Bc5 6. Be3 Bb6 7. Nf5 Bxe3 8.
Nxe3 d6 9. c4 Nge7 10. Bd3 O-O 11. O-O f5 12. exf5 Bxf5 13. Bxf5 Nxf5 14. Qd5+
Kh8 15. Nxf5 Qf6 16. Ne3 Qxb2 17. Qd2 Qxa1 18. Nc3 Qxf1+ 19. Kxf1 Rae8 20. Ned5
Rf7 21. Nb5 Ne5 22. Ndxc7 Nxc4 23. Qd3 Ne5 24. Qxd6 1-0

[Event "SK Nordhorn-Blanke-Weisse Dame Hamburg"]
[Site "?"]
[Date "2020.09.10"]
[Round "1.2"]
[White "Rudi, Jonathan"]
[Black "Türk, Janusch"]
[Result "1-0"]
[WhiteElo "1692"]
[BlackElo "1536"]
[PlyCount "59"]
[EventDate "2020.??.??"]
[WhiteTeam "SK Nordhorn-Blanke"]
[BlackTeam "Weisse Dame Hamburg"]

1. d4 d5 2. Nc3 Nf6 3. Bf4 a6 4. e3 e6 5. Nf3 Bd6 6. Ne5 Nbd7 7. Bd3 Qe7 8. O-O
c5 9. Re1 b6 10. g4 h6 11. Qf3 Bb7 12. Bf1 Rc8 13. Rad1 Kf8 14. Qg3 Ke8 15. h4
Rg8 16. g5 Nh5 17. Qg4 Nxf4 18. exf4 cxd4 19. Rxd4 Nxe5 20. fxe5 Bc5 21. Rf4
Kd7 22. Rd1 Rcf8 23. Nxd5 Bxd5 24. Rxd5+ Ke8 25. Rd2 b5 26. Qf3 Qa7 27. Qc6+
Ke7 28. b4 Rc8 29. Qf3 Kf8 30. bxc5 1-0

[Event "SK Nordhorn-Blanke-Weisse Dame Hamburg"]
[Site "?"]
[Date "2020.09.10"]
[Round "1.3"]
[White "Worthmann González, Luka"]
[Black "Meijerink, Inken"]
[Result "1-0"]
[WhiteElo "1173"]
[BlackElo "1698"]
[PlyCount "81"]
[EventDate "2020.??.??"]
[WhiteTeam "Weisse Dame Hamburg"]
[BlackTeam "SK Nordhorn-Blanke"]

1. e4 c5 2. Nf3 Nc6 3. d4 cxd4 4. Nxd4 Nf6 5. Nc3 e5 6. Ndb5 d6 7. Nd5 Nxd5 8.
exd5 Nb8 9. c4 Be7 10. Be3 O-O 11. Bd3 f5 12. f3 Bd7 13. Nc3 Na6 14. a3 b6 15.
Rc1 Bg5 16. Qd2 Bxe3 17. Qxe3 Nc5 18. Bc2 Qh4+ 19. g3 Qf6 20. Qe2 Rae8 21. O-O
a6 22. Rfe1 Re7 23. b4 Nb7 24. Qd3 Bc8 25. Na4 e4 26. Qe3 f4 27. Qxf4 Qxf4 28.
gxf4 b5 29. cxb5 axb5 30. Nc3 e3 31. Be4 Bd7 32. Rxe3 Rfe8 33. Ne2 Nd8 34. Kf2
g6 35. Rc7 Rf7 36. Bd3 Rxe3 37. Kxe3 Kf8 38. Nd4 Re7+ 39. Kd2 Nf7 40. Bxb5 Bxb5
41. Rxe7 1-0